Jeppy en las banderas #1 - Estadísticas

Estadísticas generales
  • Esta prueba ha sido intentada 1.914 veces
  • La puntuación promedio es 14 de 16
Estadísticas de respuestas
Imagen Respuesta % Correcto
Brasil
100%
Estados Unidos
100%
Reino Unido
99%
Argentina
98%
Turquía
98%
Japón
97%
Chipre
96%
Ciudad del Vaticano
95%
Macedonia del Norte
95%
Marruecos
94%
Paraguay
86%
Bután
82%
Liechtenstein
81%
Dominica
70%
Burundi
68%
Tuvalu
64%
No se encontraron pruebas coincidentes
Distribución de puntuación
Porcentaje de gente con cada puntuación
Porcentaje por número respondido
Historial de tus puntuaciones
No has intentado esta prueba.